00557 2200217 4500001002300000005001700023006001900040008004100059020001800100035002500118040001200143082000800155084001400163090002800177100001600205245003500221250001100256260003700267850001500304990002000319NBPULOB00000000000348420140723103452.0a ||| | 161121| ||| |  a979-1073-62-7 a0010-021400000000340 aNPBULOB0 a398 a398.Set.b a300/Ilmu Sosial/RAK21.40 aA. Setiawan00aBerprestasi Dengan Merang Padi aCet II aBandungbPT Refika Aditamac2007 aKPAD LOBAR a23.951/Rut/2011